Engineering economy

Guardat en:
Dades bibliogràfiques
Autor principal: DeGarmo, E. Paul
Format: Llibre
Idioma:Undetermined
Publicat: New York Macmillan Publishing Co, Inc. 1979
Matèries:
Etiquetes: Afegir etiqueta
Sense etiquetes, Sigues el primer a etiquetar aquest registre!
Thư viện lưu trữ: Trung tâm Học liệu Trường Đại học Cần Thơ
LEADER 00456nam a2200169Ia 4500
001 CTU_79135
008 210402s9999 xx 000 0 und d
082 |a 658.1 
082 |b D317 
100 |a DeGarmo, E. Paul 
245 0 |a Engineering economy 
245 0 |c E. Paul DeGarmo 
260 |a New York 
260 |b Macmillan Publishing Co, Inc. 
260 |c 1979 
650 |a Engineering economy 
980 |a Trung tâm Học liệu Trường Đại học Cần Thơ